[Event "29th Czech Open-Rapid 2018"]
[Site "Pardubice"]
[Date "2018.07.18"]
[Round "2"]
[White "Zdechovsky, Tobias"]
[Black "Pacl, Vaclav"]
[Result "0-1"]
[WhiteElo "1675"]
[BlackElo "2070"]
[Annotator "NA"]
[PlyCount "124"]
[EventDate "2018.07.18"]
[EventType "swiss"]
[EventCountry "CZE"]
[SourceTitle "playchess.com"]
[Source "ChessBase"]
[SourceQuality "1"]
[TimeControl "900+10"]

1. e4 {[%emt 0:00:00]} d5 {[%emt 0:00:00]} 2. exd5 {[%emt 0:00:00]} Qxd5 {[%emt 0:00:00]} 3. Nc3 {[%emt 0:00:00]} Qd6 {[%emt 0:00:00]} 4. d4 {[%emt 0:00:11]} a6 {[%emt 0:00:00]} 5. Nf3 {[%emt 0:00:05]} Bg4 {[%emt 0:00:00]} 6. Be2 {[%emt 0:00:05]} Nf6 {[%emt 0:00:04]} 7. O-O {[%emt 0:00:05]} e6 {[%emt 0:00:11]} 8. Ne5 {[%emt 0:00:19]} Bxe2 {[%emt 0:00:08]} 9. Nxe2 {[%emt 0:00:02]} Be7 {[%emt 0:00:33]} 10. f4 {[%emt 0:00:40]} c5 {[%emt 0:01:33]} 11. Be3 {[%emt 0:02:36]} cxd4 {[%emt 0:00:41]} 12. Bxd4 {[%emt 0:01:10]} Nc6 {[%emt 0:00:29]} 13. c4 {[%emt 0:01:52]} Nxd4 {[%emt 0:01:46]} 14. Qxd4 {[%emt 0:00:15]} Qc7 {[%emt 0:00:30]} 15. Kh1 {[%emt 0:02:07]} Bc5 {[%emt 0:00:44]} 16. Qd3 {[%emt 0:00:50]} Rd8 {[%emt 0:00:56]} 17. Qc2 {[%emt 0:00:02]} g6 {[%emt 0:01:00]} 18. Qa4+ {[%emt 0:01:28]} Kf8 {[%emt 0:00:02]} 19. Ng3 {[%emt 0:00:33]} Kg7 {[%emt 0:00:30]} 20. Rae1 {[%emt 0:01:52]} Rd4 {[%emt 0:01:40]} 21. Qc2 {[%emt 0:01:51]} Rhd8 {[%emt 0:00:38]} 22. Re2 {[%emt 0:00:10]} h5 {[%emt 0:00:53]} 23. h4 {[%emt 0:00:55]} Bd6 {[%emt 0:01:43]} 24. b3 {[%emt 0:00:03]} Bxe5 {[%emt 0:00:56]} 25. Rxe5 {[%emt 0:00:04]} Rxf4 {[%emt 0:00:07]} 26. Rxf4 {[%emt 0:00:24]} Qxe5 27. Rf3 {[%emt 0:00:45]} Qd4 {[%emt 0:00:33]} 28. Qf2 {[%emt 0:00:10]} Qxh4+ {[%emt 0:00:06]} 29. Kg1 {[%emt 0:00:02]} Rd1+ {[%emt 0:00:31]} 30. Nf1 {[%emt 0:00:01]} Qxf2+ {[%emt 0:00:08]} 31. Kxf2 {[%emt 0:00:02]} Ne4+ {[%emt 0:00:58]} 32. Ke2 {[%emt 0:00:21]} Rb1 {[%emt 0:00:06]} 33. Kd3 {[%emt 0:00:16]} f5 {[%emt 0:00:27]} 34. Kd4 {[%emt 0:00:30]} Kf6 {[%emt 0:00:03]} 35. Ne3 {[%emt 0:00:13]} Rb2 {[%emt 0:00:26]} 36. c5 {[%emt 0:00:18]} Rxa2 {[%emt 0:00:15]} 37. b4 {[%emt 0:00:40]} Rb2 {[%emt 0:00:24]} 38. Kc4 {[%emt 0:00:02]} Nd2+ {[%emt 0:00:03]} 39. Kc3 {[%emt 0:00:01]} Nxf3 {[%emt 0:00:12]} 40. Kxb2 {[%emt 0:00:02]} Nd4 {[%emt 0:00:10]} 41. Nc4 {[%emt 0:00:04]} Nb5 {[%emt 0:00:07]} 42. Kb3 {[%emt 0:00:11]} e5 {[%emt 0:00:02]} 43. Ka4 {[%emt 0:00:02]} Ke6 {[%emt 0:00:09]} 44. Ka5 {[%emt 0:00:01]} e4 {[%emt 0:00:56]} 45. Kb6 {[%emt 0:00:02]} f4 {[%emt 0:00:01]} 46. Kxb7 {[%emt 0:00:08]} f3 {[%emt 0:00:02]} 47. gxf3 {[%emt 0:00:06]} exf3 {[%emt 0:00:01]} 48. Kxa6 {[%emt 0:00:02]} Nc7+ {[%emt 0:00:01]} 49. Kb7 {[%emt 0:00:02]} Nd5 {[%emt 0:00:05]} 50. b5 {[%emt 0:00:13]} f2 {[%emt 0:00:01]} 51. Nd2 {[%emt 0:00:01]} h4 {[%emt 0:00:06]} 52. c6 {[%emt 0:00:03]} h3 {[%emt 0:00:02]} 53. b6 {[%emt 0:00:08]} h2 {[%emt 0:00:04]} 54. c7 {[%emt 0:00:04]} Nxc7 {[%emt 0:00:10]} 55. bxc7 {[%emt 0:00:01]} h1=Q+ {[%emt 0:00:02]} 56. Kb8 {[%emt 0:00:07]} Qh8+ {[%emt 0:00:18]} 57. c8=Q+ {[%emt 0:00:01]} Qxc8+ {[%emt 0:00:01]} 58. Kxc8 {[%emt 0:00:02]} Kf5 {[%emt 0:00:03]} 59. Kd7 {[%emt 0:00:01]} Kf4 {[%emt 0:00:06]} 60. Ke6 {[%emt 0:00:03]} g5 {[%emt 0:00:02]} 61. Kd5 {[%emt 0:00:02]} g4 {[%emt 0:00:02]} 62. Kd4 {[%emt 0:00:16]} g3 {[%emt 0:00:01]} 0-1

[Event "29th Czech Open-Rapid 2018"]
[Site "Pardubice"]
[Date "2018.07.18"]
[Round "3"]
[White "Paravyan, David"]
[Black "Neuman, Petr"]
[Result "1-0"]
[WhiteElo "2638"]
[BlackElo "2440"]
[Annotator "TA"]
[PlyCount "115"]
[EventDate "2018.07.18"]
[EventType "swiss"]
[EventCountry "CZE"]
[SourceTitle "playchess.com"]
[Source "ChessBase"]
[SourceQuality "1"]

{[%evp 11,115,19,37,39,57,56,64,37,37,42,30,27,25,20,20,16,47,42,37,26,34,20,0,0,21,29,54,23,67,66,66,66,76,67,91,21,32,0,8,12,15,16,25,20,19,19,27,0,24,13,11,10,13,6,16,16,18,15,15,11,11,11,8,4,10,0,0,0,0,0,0,0,0,0,0,0,0,0,78,78,78,78,1853,1683,5050,2015,5057,5057,5057,5057,29959,29964,29964,29965,29961,29950,29951,29953,29945,29948,6294,6294,6294,6294,6294,6294]} 1. d4 d5 2. c4 c6 3. Nf3 Nf6 4. Nc3 a6 5. Qc2 g6 6. Bg5 {D15: Damengambit (Slawische Verteidigung)} Bg7 {LiveBook: 4 Partien} (6... Be6 7. e4 dxe4 8. Nxe4 Nbd7 9. Nxf6+ exf6 10. Bd2 Bg7 11. Be2 O-O 12. O-O Bf5 13. Qb3 {1-0 (40) Gelfand,B (2695)-Artemiev,V (2704) Poikovsky 2018}) 7. cxd5 $146 ({Vorgänger:} 7. Bxf6 Bxf6 8. cxd5 O-O 9. dxc6 Nxc6 10. e3 Bf5 11. Qd2 Qa5 12. Bd3 Bxd3 13. Qxd3 {1-0 (67) Sipos,I (2493)-Plenca,J (2369) Split 2015}) 7... Nxd5 8. e4 {Weiß steht etwas besser.} Nxc3 9. Qxc3 (9. bxc3 {feels hotter.} Qa5 10. Qd2 c5 11. Rc1 Bg4 12. d5) 9... Bg4 10. Ne5 {[%cal Bf3e5,Be5d3,Bd3f4][%mdl 32]} Be6 11. Be3 Nd7 12. Nd3 O-O 13. Be2 f5 14. Nf4 Bf7 15. e5 {[%cal Be4e5,Be5e6][%mdl 32] [#] Droht e6 und aus.} g5 16. e6 (16. Nd3 $5 {[%cal Re3g5]}) 16... gxf4 17. exf7+ Kh8 18. Bxf4 c5 19. Be5 cxd4 20. Bxg7+ $1 Kxg7 21. Qxd4+ e5 22. Qb4 Rxf7 23. O-O-O (23. Qxb7 $16 {Schwarz muss nun 0-0 beachten.} Nc5 24. Qb4) 23... Qb6 $11 24. Qxb6 Nxb6 25. Rd6 Rf6 26. Rhd1 {[#] Und weiter mit Txf6 wäre nett.} Rc8+ 27. Kb1 {Txf6 ist eine echte Drohung.} Rc6 28. Rd8 Rf7 29. R8d6 Rf6 30. Rxc6 Rxc6 {[%mdl 4096] Endspiel KTL-KTS} 31. Rd8 Rc7 32. Rd6 Nc8 33. Re6 Re7 34. Rxe7+ Nxe7 {KL-KS} 35. Kc2 Kf6 36. Kc3 Ke6 37. g3 {[%cal Bg2g3,Bg3g4,Bg4g5][%mdl 32]} Kd6 38. Bf3 Nd5+ 39. Bxd5 Kxd5 {KB-KB} 40. Kd3 $1 a5 41. f3 b5 42. g4 Ke6 $1 43. Ke3 Kf6 {Schwarz will ...fxg4 spielen.} 44. h4 h5 (44... Kg6 $11 {bleibt in der Remisbreite.}) 45. g5+ $16 ({Doch nicht} 45. gxh5 $6 Kg7 $11) 45... Ke6 46. Kd3 a4 $2 {[%mdl 8192]} (46... Ke7 $16) 47. Kc3 Kd5 48. Kb4 e4 49. fxe4+ fxe4 50. Kc3 Ke5 51. a3 Kd5 52. Kd2 Ke6 53. Ke1 Ke7 54. Kf2 Ke6 55. Ke3 Ke5 56. g6 {Weiss droht g7 und Matt.Weiß steht klar auf Gewinn.} Kf6 57. Kxe4 Kxg6 58. Ke5 {Precision: Weiß = 79%, Schwarz = 48%.} 1-0

[Event "29th Czech Open-Rapid 2018"]
[Site "Pardubice"]
[Date "2018.07.18"]
[Round "3"]
[White "Movsesian, Sergei"]
[Black "Mirzoev, Emil"]
[Result "1-0"]
[WhiteElo "2635"]
[BlackElo "2412"]
[Annotator "TA"]
[PlyCount "69"]
[EventDate "2018.07.18"]
[EventType "swiss"]
[EventCountry "CZE"]
[SourceTitle "playchess.com"]
[Source "ChessBase"]
[SourceQuality "1"]

{[%evp 32,69,53,56,49,69,66,47,56,60,71,51,143,100,89,101,261,262,287,272,265,279,280,272,267,296,681,313,335,325,329,308,673,602,583,465,910,902,1920,1904]} 1. Nf3 Nf6 2. g3 g6 3. Bg2 Bg7 4. O-O O-O 5. d4 d6 6. c4 c6 7. h3 Nbd7 8. Nc3 e5 9. e4 Re8 10. Re1 a5 11. Be3 exd4 12. Nxd4 Nc5 13. Qc2 a4 14. Rad1 Qa5 15. Bf4 (15. Bd2 Nfd7 16. Nce2 Qa6 17. b4 axb3 18. axb3 Qa2 19. Nc1 Qxc2 20. Nxc2 Nf6 21. f3 Be6 22. Bb4 Bf8 {½-½ (46) Moradiabadi,E (2549)-Raptis,N (2312) Las Vegas 2018}) 15... Ne6 {E69: King's Indian: Fianchetto: 6...Nbd7 7 0-0 e5 8 e4 c6 9 h3} 16. Nxe6 Bxe6 17. Bxd6 {LiveBook: 4 Games} Nd7 $146 {White is slightly better.} ({Predecessor:} 17... Bxc4 18. Rd4 b5 19. e5 Nd5 20. b3 axb3 21. axb3 Nxc3 22. bxc4 b4 23. Bxc6 {1-0 (36) Bagaturov,G (2405)-Polatel,A (2158) Istanbul 2015}) 18. Ne2 {[%cal Bc3e2,Be2d4,Bd4c6][%mdl 32]} b5 19. cxb5 cxb5 20. Qb1 Ne5 21. Nd4 Nc4 ({Black should try} 21... Rad8 $14 22. Nxe6 Rxe6 23. Bxe5 Bxe5) 22. Nc6 Qb6 23. e5 Bf5 $2 {[#]} (23... Rac8 $16) 24. Qc1 $18 Rac8 25. g4 Be6 26. Ne7+ Rxe7 27. Bxe7 Nxe5 28. Qf4 Rc4 $2 (28... Nd7 29. Rd2 Nf8) 29. Re4 (29. Qe3 $142 Nf3+ 30. Bxf3) 29... h6 30. Bf6 Rxe4 31. Bxe4 {aiming for Qxe5.} Qc5 $2 (31... Nd7) 32. Bxg7 {White is clearly winning.} Kxg7 {[#]} 33. Bd5 $1 {[%mdl 512]} Qc7 (33... Qd6 $142 34. Bb3 Qc5 35. Bxe6 fxe6) (33... Bxd5 34. Qxe5+) 34. Bxe6 fxe6 35. Re1 {Precision: White = 73%, Black = 30%.} 1-0

[Event "29th Czech Open-Rapid 2018"]
[Site "Pardubice"]
[Date "2018.07.18"]
[Round "3"]
[White "Sengupta, Deep"]
[Black "Harsha Bharathakoti"]
[Result "1-0"]
[WhiteElo "2565"]
[BlackElo "2465"]
[Annotator "TA"]
[PlyCount "45"]
[EventDate "2018.07.18"]
[EventType "swiss"]
[EventCountry "CZE"]
[SourceTitle "playchess.com"]
[Source "ChessBase"]
[SourceQuality "1"]

{[%evp 24,45,58,56,64,70,67,51,142,160,158,150,161,161,183,181,452,457,858,737,903,904,903,903]} 1. e4 e5 2. Nf3 Nc6 3. Bc4 Bc5 4. c3 Nf6 5. d4 exd4 6. e5 d5 7. Bb5 Ne4 8. cxd4 Bb6 9. Nc3 O-O 10. Be3 {C54: Giuoco Piano: 4 c3 Nf6, main lines with 5 d4 and 5 d3} f6 (10... Bg4 11. h3 Bh5 12. Qc2 Bxf3 13. gxf3 Ng5 14. O-O-O Nxf3 15. Bxc6 bxc6 16. Qf5 Nh4 17. Qg4 Ng6 {½-½ (38) Naiditsch,A (2701)-Anand,V (2776) Karlsruhe/Baden-Baden 2018}) 11. Qb3 Nxc3 12. Bxc6 bxc6 13. Qxc3 {LiveBook: 5 Games} Bg4 {Threatens to win with ...Bxf3.} 14. exf6 $1 gxf6 $146 ({Predecessor:} 14... Qxf6 15. Ne5 Bf5 16. Nxc6 Bd7 17. Ne5 Bb5 {½-½ (35) De Nacimiento Montano,A (2055)-Galan Martin,P (2104) Spain 2008}) 15. a4 Bxf3 (15... a5 $14) 16. gxf3 $16 a5 17. Qxc6 Kh8 18. Rg1 Qe7 {[#]} 19. O-O-O $1 {Black must now prevent Bh6.} ({Resist} 19. Qxd5 $6 Rad8 $14) 19... Qf7 $2 (19... Qd6 20. Qxd6 cxd6) 20. Bh6 $18 {White is clearly winning.} Rg8 {[#]} (20... Rad8 $142 21. Bxf8 Qxf8) 21. Bg7+ $1 {[%mdl 512]} Qxg7 (21... Rxg7 22. Rxg7) 22. Rxg7 Kxg7 23. Rg1+ 1-0

[Event "29th Czech Open-Rapid 2018"]
[Site "Pardubice"]
[Date "2018.07.18"]
[Round "3"]
[White "Vorobiov, Evgeny E"]
[Black "Grekh, Andrey"]
[Result "1-0"]
[WhiteElo "2564"]
[BlackElo "2400"]
[Annotator "TA"]
[PlyCount "59"]
[EventDate "2018.07.18"]
[EventType "swiss"]
[EventCountry "CZE"]
[SourceTitle "playchess.com"]
[Source "ChessBase"]
[SourceQuality "1"]

{[%evp 16,59,17,13,10,10,12,16,43,46,41,33,34,31,58,57,70,66,66,70,73,68,79,81,106,100,84,85,122,116,108,99,94,74,319,319,319,316,855,839,1050,1050,1045,1031,1028,1020]} 1. d4 Nf6 2. c4 e6 3. Nf3 d5 4. Nc3 Be7 5. Qc2 O-O 6. cxd5 exd5 7. Bf4 c6 8. e3 {D35: Queen's Gambit Declined: Exchange Variation} Bg4 (8... Nh5 9. Bg3 Nd7 10. Bd3 h6 11. a3 Nxg3 12. hxg3 Nf6 13. Ne5 c5 14. O-O Be6 15. dxc5 d4 16. exd4 Qxd4 {½-½ (41) Zhigalko,S (2652)-Firouzja,A (2465) Moscow 2017}) 9. Bd3 {LiveBook: 3 Games} Nbd7 10. Ne5 {The position is equal.} Be6 11. h3 c5 $146 ({Predecessor:} 11... Re8 12. g4 Nf8 13. Bg3 N6d7 14. f4 Bh4 15. Qf2 Bxg3 16. Qxg3 {1-0 (35) Laszewicz,P (2220)-Kasperek,W (2230) Wisla 1998}) 12. Nxd7 Qxd7 13. dxc5 Bxc5 14. Be5 $36 {[%mdl 2048] Black is under pressure.} Ne4 15. Rd1 Qe7 16. Bxe4 dxe4 17. Qxe4 Rfe8 18. Bd4 Bxd4 19. Rxd4 Qg5 20. h4 Qa5 21. Qd3 a6 22. O-O b5 {and if ...Bc4 works, Black does fine.} 23. b4 Qa3 24. Nd5 Qxa2 $2 {[#]} (24... Qxd3 $16 {was called for.} 25. Rxd3 Rac8) 25. Nc7 $1 $18 {[%csl LRa8,LRe8][%cal Rc7e8]} Bc4 26. Qb1 Qe2 $2 (26... Qxb1 27. Rxb1 Kf8) 27. Rfd1 {White is clearly winning.} Rac8 28. Nxe8 Rxe8 29. Rd8 {[%cal Rd8e8] [#]} Rf8 30. Qf5 {Precision: White = 92%, Black = 32%.} 1-0

[Event "29th Czech Open-Rapid 2018"]
[Site "Pardubice"]
[Date "2018.07.18"]
[Round "3"]
[White "Plat, Vojtech"]
[Black "Shkuran, Daniil"]
[Result "1-0"]
[WhiteElo "2543"]
[BlackElo "2404"]
[Annotator "TA"]
[PlyCount "61"]
[EventDate "2018.07.18"]
[EventType "swiss"]
[EventCountry "CZE"]
[SourceTitle "playchess.com"]
[Source "ChessBase"]
[SourceQuality "1"]

{[%evp 21,61,40,37,27,26,40,58,65,100,95,84,81,126,62,146,135,131,131,218,222,312,319,327,320,273,229,214,216,475,455,464,443,413,207,200,200,208,202,316,280,1268,1209]} 1. d4 d5 2. c4 c6 3. Nc3 Nf6 4. cxd5 cxd5 5. Bf4 Nc6 6. e3 e6 7. Bd3 Bd6 8. Bxd6 Qxd6 9. f4 a6 {D10: Slav Defence: 3 cxd5 (without early Nf3) and 3 Nc3} (9... O-O 10. Nf3 Bd7 11. Ne5 Rfc8 12. O-O Be8 13. Rf3 g6 14. Rh3 Nd7 15. Qe1 Qe7 16. Qg3 f6 17. Ng4 Qg7 18. Nh6+ {1-0 (73) Aronian,L (2815)-Kamsky,G (2762) Beijing 2012}) 10. Nf3 b5 11. O-O Bb7 {LiveBook: 4 Games. White is slightly better.} 12. Ne5 Rc8 13. Rc1 Na5 $146 ({Predecessor:} 13... O-O 14. Bb1 Ne7 15. Nd3 Nd7 16. g4 f5 {1-0 (41) Javakhishvili,L (2476)-Gvetadze,S (2361) Ureki 2014}) 14. Qe1 {Nxb5 is the strong threat.} Nc4 15. b3 Nb6 16. f5 {Threatens to win with fxe6.} b4 17. Ne2 (17. Qg3 $16 O-O 18. fxe6 fxe6 19. Ne2) 17... O-O ({Black should try} 17... Rxc1 $14 18. Nxc1 (18. Qxc1 Nbd7 $14) 18... exf5) 18. fxe6 fxe6 19. Rxc8 Nxc8 {[#]} (19... Bxc8 $16 20. Qg3 Ne4 21. Rxf8+ Qxf8 22. Bxe4 dxe4) 20. Qh4 $1 $18 h6 (20... Ne4 {was necessary.} 21. Rxf8+ Qxf8 22. Bxe4 dxe4) 21. Nf4 {[%cal Be2f4,Bf4h5,Bh5g3][%mdl 32]} Ne7 22. Nh5 Nf5 23. Bxf5 exf5 24. Rxf5 $40 {[%mdl 128] [#] Black must now prevent Nxg7! White attacks with force.} Ne4 $2 (24... Nxh5 25. Qxh5 a5) 25. Qg4 {[%csl Gh5][%cal Rg4g7]} Ng5 26. Rxf8+ Qxf8 27. Ng3 (27. Qd7 $142 {Strongly threatening Ng6.} Bc8 28. Qxd5+ Nf7 29. h4) 27... Bc8 28. Qd1 Qd6 29. Qc2 Be6 (29... Bd7 $142 30. h3 Nf7) 30. Qc6 Nf7 $2 (30... Qxc6 31. Nxc6 a5 32. Nxa5 Bd7) 31. Qe8+ {Precision: White = 59%, Black = 42%.} 1-0

[Event "29th Czech Open-Rapid 2018"]
[Site "Pardubice"]
[Date "2018.07.18"]
[Round "3"]
[White "Mozharov, Mikhail"]
[Black "Gukesh D"]
[Result "1/2-1/2"]
[WhiteElo "2542"]
[BlackElo "2433"]
[Annotator "TA"]
[PlyCount "140"]
[EventDate "2018.07.18"]
[EventType "swiss"]
[EventCountry "CZE"]
[SourceTitle "playchess.com"]
[Source "ChessBase"]
[SourceQuality "1"]

{[%evp 20,140,60,44,58,30,43,9,11,16,0,0,22,29,31,37,42,38,34,31,53,52,41,40,153,133,152,147,134,157,213,205,256,170,177,177,170,168,183,180,339,94,133,143,153,149,137,125,127,126,156,122,141,97,127,87,83,77,77,102,304,107,91,103,95,14,18,12,12,12,12,12,12,12,12,12,12,12,12,12,12,12,26,12,12,12,12,12,12,12,12,12,26,26,26,26,26,26,26,26,26,26,26,26,26,26,26,26,26,12,12,0,0,0,0,0,0,0,0,0,0,0,8]} 1. e4 c5 2. Nf3 d6 3. d4 cxd4 4. Nxd4 Nf6 5. Nc3 a6 6. Be3 Nbd7 7. f3 d5 {B90: Sicilian Najdorf: Unusual White 6th moves, 6 Be3 Ng4 and 6 Be3 e5} 8. Nxd5 Nxd5 9. exd5 Qa5+ 10. Qd2 Qxd5 11. c4 {LiveBook: 6 Games} Qe5 $146 ({Predecessor:} 11... Qd6 12. O-O-O e6 13. h4 Be7 14. Kb1 Qc7 15. Qc2 Nc5 16. Nb3 Bd7 17. Nxc5 Bxc5 18. Bxc5 Qxc5 19. Qc3 O-O-O 20. Bd3 {½-½ (20) Acs,P (2606)-Ruck,R (2550) Hungary 2004}) 12. Be2 e6 13. O-O Bb4 14. Qc1 O-O 15. Rd1 Bc5 16. Rb1 Nf6 17. b4 Ba7 18. f4 Qc7 19. Bf3 e5 20. fxe5 Qxe5 21. Bf4 $36 {[%mdl 2048] White fights for an advantage.} Qe7 ({Black should play} 21... Bxd4+ $14 22. Kh1 Qe7 23. Rxd4 Bf5) 22. c5 $16 Bb8 23. Bxb8 Rxb8 24. Qf4 Be6 (24... Bd7 $16) 25. Re1 $18 Rfe8 26. Nf5 Qf8 27. Nd6 Re7 28. Rbd1 Rd7 29. a3 Qd8 $2 (29... h6 30. Qe5 Ng4) 30. Nf5 $2 (30. Bxb7 $1 $18 {and the rest is easy.} Qc7 31. Bxa6) 30... Bxf5 31. Qxf5 Rxd1 32. Rxd1 Qe7 33. Qd3 Re8 34. h3 g6 35. Kh1 Kg7 36. Qd6 Ne4 37. Qxe7 Rxe7 38. Bxe4 Rxe4 $16 {[%mdl 4096] Endgame KR-KR} 39. Rd7 Re1+ 40. Kh2 Ra1 41. Rxb7 {Hoping for c6.} Rxa3 {[#]} 42. Rb6 (42. c6 $1 $16 Rc3 43. Rb6) 42... Kf8 $1 $11 43. c6 Ke7 44. Rb7+ Ke6 $1 45. Ra7 Rb3 46. Rxa6 {Black must now prevent Rb6.} Rxb4 47. c7+ Kd7 48. Rf6 Kxc7 49. Rxf7+ Kd6 50. Rxh7 {Strongly threatening Rg7.} Ke6 51. Rc7 Kf6 52. Rc6+ Kg5 53. Rc3 Kh6 54. Kg3 Rb2 55. Kf3 Ra2 56. g3 Ra4 57. Re3 Rb4 58. Re4 Rb3+ 59. Kf4 Rb1 60. Kg4 Rb3 61. h4 Rb1 62. Re6 Rb4+ 63. Kf3 Rb3+ 64. Kf4 Rb4+ {The position is equal.} 65. Re4 Rxe4+ 66. Kxe4 {[#] And now g4 would win.} g5 67. h5 Kxh5 {( -> ...Kg4)} 68. Kf5 g4 69. Kf4 Kh6 70. Kxg4 {Threatens to win with Kf5.} Kg6 {Precision: White = 70%, Black = 66%.} 1/2-1/2

[Event "29th Czech Open-Rapid 2018"]
[Site "Pardubice"]
[Date "2018.07.18"]
[Round "3"]
[White "Zilka, Stepan"]
[Black "Gomes, Mary Ann"]
[Result "1-0"]
[WhiteElo "2517"]
[BlackElo "2284"]
[Annotator "TA"]
[PlyCount "123"]
[EventDate "2018.07.18"]
[EventType "swiss"]
[EventCountry "CZE"]
[SourceTitle "playchess.com"]
[Source "ChessBase"]
[SourceQuality "1"]

{[%evp 15,123,18,35,27,34,24,67,0,0,0,0,0,47,11,5,10,27,23,34,28,34,35,37,30,39,1,19,25,37,30,54,0,19,0,64,30,42,33,109,22,117,125,145,126,208,204,190,183,318,301,302,218,314,286,291,291,365,343,363,353,530,587,535,576,552,520,665,580,1099,989,1429,1818,5097,4795,3156,1773,1823,2085,1425,1774,1628,2242,1722,1640,5081,4957,2542,2011,29959,10179,29974,9880,29981,29982,29983,29984,29985,29986,29986,29983,29983,29984,29984,29985,29987,29988,29988,29989,29989,29990]} 1. c4 Nf6 2. Nc3 e6 3. e4 d5 4. e5 d4 5. exf6 dxc3 6. bxc3 Qxf6 7. Nf3 c5 8. Bd3 {A18: English Opening: Flohr-Mikenas System (1 c4 Nf6 2 Nc3 e6 3 e4)} (8. d4 cxd4 9. cxd4 Bb4+ 10. Bd2 Bxd2+ 11. Qxd2 O-O 12. Bd3 Nc6 13. O-O Rd8 14. Rad1 g6 15. Be4 Nxd4 16. Nxd4 e5 17. Bd5 exd4 18. Qb2 Be6 19. Qxb7 Bxd5 20. cxd5 Qb6 21. Qxb6 {½-½ (21) Anand,V (2788)-Naiditsch,A (2689) Moscow 2009}) 8... Nc6 {LiveBook: 7 Games} 9. O-O Bd6 10. Be4 {White is slightly better.} Ne5 {Threatening ...Qf4.} 11. d3 $146 ({White should play} 11. d4 $1 $14 cxd4 12. cxd4 Nxf3+ 13. Bxf3) ({Predecessor:} 11. d4 Nxf3+ 12. Bxf3 O-O 13. Rb1 Rd8 14. Be3 e5 15. g3 Bh3 16. Re1 Rab8 {½-½ (16) Vita,F (2082)-Sprotte,N (2217) Porto Mannu 2008}) 11... Nxf3+ $11 12. Qxf3 Qxf3 13. Bxf3 O-O 14. Be3 Rb8 15. a4 b6 16. a5 Bb7 17. axb6 axb6 18. Bxb7 Rxb7 19. Rfb1 f5 20. f3 f4 21. Bf2 e5 22. Ra6 Rfb8 23. g4 (23. Kf1 $14) 23... Kf7 24. h4 Ke7 ({Better is} 24... Be7 $11) 25. Rb5 Kd7 26. Kf1 Kc7 (26... g6 $14) 27. Ke2 (27. d4 $16) 27... Rd8 (27... Re8 $11 {keeps the balance.}) 28. d4 $16 exd4 29. cxd4 Be7 (29... Bf8 $16 {might work better.}) 30. dxc5 $18 bxc5 31. Bxc5 Rxb5 (31... Bxc5 $142 32. Rxc5+ Kb8) 32. cxb5 Bxc5 {[%mdl 4096] Endgame KRB-KR} 33. Rc6+ Kb7 (33... Kd7 $142) 34. Rxc5 {KR-KR} Re8+ 35. Kf2 Kb6 36. Rf5 Re7 37. h5 ({Not} 37. Rxf4 Kxb5 38. Re4 Rf7 $16) 37... h6 (37... Ra7 {keeps fighting.} 38. Ke2 (38. Rxf4 Kxb5 39. Ke3 Rb7 $16) 38... Rd7 39. Rxf4 Kxb5) 38. Kg2 Re6 39. Kh3 Rf6 40. Kh4 Ka5 41. Re5 Rf7 42. g5 hxg5+ 43. Kxg5 Kb6 44. Rf5 Rc7 45. Kxf4 Rc1 46. Rg5 Rc7 47. Kg4 Rf7 48. f4 {[%cal Bf3f4,Bf4f5,Bf5f6,Bf6f7][%mdl 32]} Rc7 49. Rd5 Rc1 50. Kf5 Rg1 51. Ke6 Rg4 52. f5 Rh4 53. Kf7 (53. h6 $142 Rxh6+ 54. Kf7 Rh4 55. Kxg7 Rg4+ 56. Kf7 Rg5 57. Ke6 Rg3 58. f6 Re3+ 59. Re5) 53... Rxh5 54. Kxg7 {White mates.} Kc7 55. Kg6 Rh1 56. f6 Rg1+ 57. Kh7 Rf1 58. Kg7 Rg1+ 59. Kf8 Rf1 60. f7 Rg1 61. Ke7 Re1+ 62. Kf6 {Precision: White = 63%, Black = 26%.} 1-0

[Event "29th Czech Open-Rapid 2018"]
[Site "Pardubice"]
[Date "2018.07.18"]
[Round "3"]
[White "Kobo, Ori"]
[Black "Bente, Bjoern"]
[Result "1-0"]
[WhiteElo "2508"]
[BlackElo "2219"]
[Annotator "TA"]
[PlyCount "31"]
[EventDate "2018.07.18"]
[EventType "swiss"]
[EventCountry "CZE"]
[SourceTitle "playchess.com"]
[Source "ChessBase"]
[SourceQuality "1"]

{[%evp 14,31,23,28,40,29,43,39,39,34,58,54,61,58,264,246,280,279,271,273]} 1. Nf3 d5 2. g3 Nf6 3. Bg2 e6 4. c4 dxc4 5. O-O a6 6. Qc2 {A13: English Opening: 1...e6} Nbd7 (6... Bd6 7. Qxc4 b5 8. Qc2 Bb7 9. a4 c5 10. Nc3 Qb6 11. d3 O-O 12. axb5 axb5 13. Rxa8 Bxa8 {½-½ (33) Grachev,B (2647)-Riazantsev,A (2662) Sochi 2018}) 7. a4 c5 8. a5 {LiveBook: 5 Games. White has an edge.} Rb8 9. Qxc4 b5 10. axb6 $1 Nxb6 11. Qc2 Bd6 $146 ({Predecessor:} 11... Bb7 12. b3 Be7 13. Bb2 {½-½ (57) Suba,M (2535)-Ioseliani,N (2495) Baden-Baden 1988}) 12. d3 O-O 13. Bd2 Nbd5 $2 {[#]} (13... Bb7 $14) 14. e4 $1 $18 {[%cal Be2e4,Be4e5][%mdl 32]} Nb4 {[#]} 15. Bxb4 $1 Rxb4 16. e5 1-0